LEADER 01211nam a2200265 u 4500 001 000000058794 003 CaOOAMICUS 005 20070226120730.0 008 010613s1932 it u000 u ita u 035 $a10892506 040 $aPUL(R)$bita 100 1 $aGrassi, Leonardo.$0(OLS)http://pul/name/40718 245 10$aCommento alla vita di Faust :$bcontributo ad una concezione goethiana della vita /$cLeonardo Grassi. 260 $aTorino :$bFratelli Bocca,$c1932. 300 $axvi, 476 ;$c25 cm 490 1 $aBiblioteca di scienze moderne ;$v113 500 $aBibliografia in nota. 600 14$aGoethe, Johann Wolfgang von,$d1749-1832.$tFaust$9(Goethe, Johann Wolfgang von, 1749-1832).$0(OLS)http://pul/subject/23062 830 0$aBiblioteca di scienze moderne ;$v113.$0(OLS)http://pul/title/412 850 $aPUL 852 $aPUL$W1$xDP2 Filosofia 1$y62$m86 B 11$j76766$nBK-PRI$b $qStampati$B76766$CPULBib$Z2$F76766 $81 941 1 $a8 961 $aTimbri: Bibliotheca P. Athenaeum Seminarii Rom. 996 $6245$aCommento alla vita di Faust :$bcontributo ad una concezione goethiana della vita$9(OLS)http://pul/title/78770 996 $6260$aTorino :$bFratelli Bocca$9(OLS)http://pul/publisher/47945 LEADER 01406nam a2200277 a 4500 001 000000156057 003 CaOOAMICUS 005 20161109133042.0 008 161109s1997 cl u000 u spa r 032 $aLibriCat 040 $aPUL$bita 100 1 $aEchevarria Galvez, Mauricio.$0(OLS)http://pul/name/99465 245 10$aAlgunos medios para la educacion de las virtudes morales :$ba partir de textos de santo Tomas de Aquino /$cMauricio Echevarria Galvez. 260 $aSantiago de Chile :$b[s.n.],$c1997. 300 $a102 p. ; $c24 cm. 502 $aPars Dissertationis ad lauream in facultate Philosophiae apud Pontificiam Universitatem S. Thomae de Urbe.1997. 504 $aBibliografia in nota a pič pagina. 600 04$aThomas Aquinas,$cs.,$dc. 1225-1274.$0(OLS)http://pul/subject/448 710 2 $aPontificia Universitā S. Tommaso.$bFacoltā di filosofia.$kTesi.$0(OLS)http://pul/name/83008 850 $aPUL 852 $aPUL$W1$xDP1 Tesi Pon. Univ. S. Tommaso$y44$mTH S.THOM 1042$j179231$qTesi$B182396$CPULBib$Z2$F182396 $H78815 $82 941 1 $a16 960 $aTommaso d'Aquino,$cs.,$d1225-1274$9448 996 $6245$aAlgunos medios para la educacion de las virtudes morales :$ba partir de textos de santo Tomas de Aquino$9(OLS)http://pul/title/195698 996 $6260$aSantiago de Chile :$b[s.n.]$9(OLS)http://pul/publisher/60083